000 00511nam a2200229Ia 4500
003 0100
008 130303s9999 xx 000 0 und d
040 _cARRUPELIB
050 _aB2430.S34L253 1970
100 _aLafarge, Rene
245 _aJean-Paul Sartre
245 _bhis Philosophy
260 _aNotre Dame, Indiana
260 _bNotre Dame press
260 _C1970
300 _a198p.
300 _b 20cm
650 _aPHILOSOPHY
650 _bPhilosophy
650 _cPlato
942 0 0 _01
999 _c33723
_d33723